| 000 | 00586nam a22002177a 4500 | ||
|---|---|---|---|
| 003 | OSt | ||
| 005 | 20160613182953.0 | ||
| 008 | 160613b xxu||||| |||| 00| 0 eng d | ||
| 020 | _a0340809213 | ||
| 040 | _cDNLM | ||
| 082 | _aWG102 L576j 2000 | ||
| 100 |
_aLevick, J. Rodney _99381 |
||
| 245 | _aAn introduction to Cardiovascular Physiology | ||
| 250 | _a4th ed. | ||
| 260 | _aOxford University Press, 2003 | ||
| 300 | _a372p; col.ill: 27cm | ||
| 504 | _aAppendices, & index inluded | ||
| 650 |
_aCardiovascular system _95636 |
||
| 650 |
_aPhysiology _9215 |
||
| 942 |
_2z _cO_SHELF |
||
| 999 |
_c4349 _d4349 |
||